000 00422nam a22001817a 4500
003 MPLRDC
005 20220104113627.0
008 210129b ||||| |||| 00| 0 eng d
020 _a962-357-272-7
082 _a857.621 NK v.73
100 _a倪匡
245 _a探险
_c
260 _a
_b明窗出版社
_c1990
300 _b
490 _a科幻系列. 73
650 _a科幻小说
942 _cBK
_o857.621 NK v.73
999 _c1103
_d1093